000 00875nac a22002531u 4500
010 _a 92040428
020 _a0240513177
082 0 0 _a070.195
_bHES
090 _c9310
_d9310
100 _aHesketh, Bernard.
245 1 3 _aAn introduction to ENG /
_cBernard Hesketh and Ivor Yorke.
260 _aOxford ;
_aBoston :
_bFocal Press,c.1993.
_cc.1993.
300 _a188 p. :
_bill. ;
_c22 cm.
490 1 _aMedia manual
500 _aDistributer: Al-Ahram.
504 _aIncludes bibliographical references (p. 177).
511 _aCatalogued By: Mahitab.
650 0 _aTelevision broadcasting of news
_xVocational guidance.
650 0 _aVideo recordings
_xProduction and direction.
650 0 _aTelevision
_xProduction and direction.
700 1 _aYorke, Ivor.
830 0 _aMedia manuals.
942 _cBB
_k070.195HES
999 _c9310
_d9310